|
|
|
|
| LEADER |
00000nab a2200000 a 4500 |
| 001 |
vtls000499884 |
| 003 |
SK-MaSNL |
| 005 |
20260303020243.0 |
| 008 |
120927c1992 xo 0 slo |
| 015 |
|
|
|a SNBRA19rr/mm-uuuuu
|
| 035 |
|
|
|a CL0500022
|
| 040 |
|
|
|a SNKBUCL
|b slo
|c SNKBUCL
|e AACR2
|
| 041 |
0 |
|
|a slo
|
| 044 |
|
|
|a xo
|c SK
|
| 080 |
|
|
|a 664.8/.9.001.5
|2 1981
|
| 100 |
1 |
|
|a Sochorová, Viera
|4 aut
|9 952452
|
| 245 |
1 |
0 |
|a Konzervárenský výskum v teórii a praxi
|c Viera Sochorová, Ľubomír Preclík
|
| 650 |
0 |
7 |
|a konzervárenský priemysel
|2 snkbucl
|9 115642
|
| 655 |
|
7 |
|a články zo zborníkov
|2 snkbucl
|9 166140
|
| 700 |
1 |
|
|a Preclík, Ľubomír
|4 aut
|9 952476
|
| 773 |
0 |
|
|t Zásadné otázky rozvoja vedy a techniky na Slovensku. 2. diel
|d Žilina : Dom techniky ZSVTS, 1992
|g S. 165-169
|z 8023102699
|
| 850 |
|
|
|a Slovenská národná knižnica v Martine
|a MTA001
|
| 852 |
|
|
|a SNK
|b KIS3GCP
|
| 958 |
|
|
|a RK
|
| 992 |
|
|
|a RZB
|
| 999 |
|
|
|c 1617321
|d 1619251
|